000
00299nam a2200133Ia 4500
008
190216s9999||||xx |||||||||||||| ||und||
100
_a
Ray. M
245
0
_a
Text Book On Dynamics
250
_a
12nd Ed.
260
_b
Sulthan Chand&Sons
_c
1982
300
_a
318
650
_a
Physics
942
_c
BK
999
_c
32923
_d
32923